000 00517ntaaa2200193 4500
003 01
005 20251027202929.0
008 0714s1973 ag 01
040 _aAR-BaBN
_bspa
_cAR-BaBN
_eaacr
_dRIC
082 _a922.6000 C23
100 _aRay, Jeff D
_929885
245 _aB H Carroll
250 _a1 ed.
260 _aNashville :
_bSunday School Board of the Southern Baptist Convention,
_cc1927
300 _a167 p
500 _aBiografĂ­a
650 _aCarroll, Benajah Harvey (1843-1914)
_929886
942 _cBK
999 _c24553
_d24553